<?xml version="1.0" encoding="UTF-8"?>
<marc:record xmlns:marc="http://www.loc.gov/MARC21/slim">
   <marc:leader>00000nam a2200000 a 4500</marc:leader>
   <marc:datafield ind1="1" ind2=" " tag="100">
      <marc:subfield code="a">Kuyper, Hans</marc:subfield>
      <marc:subfield code="4">aut</marc:subfield>
      <marc:subfield code="e">Verfasser/-in</marc:subfield>
   </marc:datafield>
   <marc:datafield ind1=" " ind2=" " tag="653">
      <marc:subfield code="a">Reim</marc:subfield>
   </marc:datafield>
   <marc:datafield ind1=" " ind2=" " tag="653">
      <marc:subfield code="a">Gefühle</marc:subfield>
   </marc:datafield>
   <marc:datafield ind1=" " ind2=" " tag="653">
      <marc:subfield code="a">Reimgeschichte</marc:subfield>
   </marc:datafield>
   <marc:datafield ind1="0" ind2="0" tag="245">
      <marc:subfield code="a">Der Elefant fühlt allerhand</marc:subfield>
   </marc:datafield>
   <marc:datafield ind1=" " ind2="1" tag="264">
      <marc:subfield code="b">Ellermann</marc:subfield>
      <marc:subfield code="c">2015</marc:subfield>
   </marc:datafield>
   <marc:datafield ind1="1" ind2=" " tag="520">
      <marc:subfield code="a">Mach dir einen Reim auf deine Gefühle. Wie fühlt es sich an, wenn man wütend, traurig, glücklich, eifersüchtig oder schüchtern ist? Und woran erkennt man, wie sich Freunde fühlen? Auf jeder Doppelseite dieses Buches erleben ein kleiner Elefant und seine Freunde ein anderes Gefühl - erzählt in farbenfrohen Bildern und einfühlsamen Reimen. Eine leuchtende Geschichte, die Kindern hilft, Gefühle zu verstehen, und zum Benennen und Beschreiben anregt. Einfühlsame Reime und leuchtende Bilder zu einem wichtigen Thema: Gefühle. Ideal zum Vorlesen und Mitsprechen.</marc:subfield>
   </marc:datafield>
   <marc:datafield ind1=" " ind2=" " tag="020">
      <marc:subfield code="a">9783770751013</marc:subfield>
      <marc:subfield code="9">9783770751013</marc:subfield>
   </marc:datafield>
</marc:record>
